Datum a čas kvízu
20.5
Celkem bodů
Celkový počet nahraných bodů na tomto kvízu bez doplňovacích otázek.
12.
Pořadí na kvízu
Konečné umístění týmu na tomto kvízu.
Zaznamenané odpovědi
| # | Otázka | Odpověď | Body | Výsledky |
|---|---|---|---|---|
| 1. | Centrum alternativní medicíny... | AKTIP | 1 | |
| 2. | Vítězem úterních parlamentních... | Likud | 1 | |
| 3. | Deset koncertů a dost! Jak se... | Spirituál kvintet | 1 | |
| 4. | Na konci března ochranka pražs... | Raiffeisenbank | 1 | |
| 5. | Jedničkou výběru kapitána Petr... | Lucie Šafářová | 1 | |
| 6. | V tomto tématu se podíváme na... | Všechno bude, Zelená kniha | 1 | |
| 5. | V roce 1984 natočil režisér Wi... | Paříž, Texas | 0 | |
| 8. | Komediální road movie Pařba ve... | Vo štvorici po opici | 0 | |
| 5. | V českém prostředí jsou v dneš... | v Indii | 0 | |
| 10. | Jistou formou road movies jsou... | v Argentině | 0 |